Culture Générale - Série 2656 - Statistiques

Statistiques générales
  • Ce quiz a été pris 92 fois
  • Le résultat moyen est 4 sur 10
Statistiques - réponses
Question Réponse % Correct
De quelle ville sont originaires le groupe "The Beatles" ? Liverpool
100%
Quelle est la fleur natiionale de la Suisse ? edelweiss
63%
Le papier parfumé à la résine de benjoin du Laos est appelé "papier d'.... Arménie
49%
Quelle est la capitale du Rwanda ? Kigali
49%
Quel fleuve traverse la capitale de l'Irak ? Tigre
49%
L'Humanité est un quotidien français fondé en 1904 par .... prénom et nom Jean Jaurès
38%
Aux J.O de Mexico de 1968, quelle athlète française a remporté la seule médaille d'or en athlétisme ? prénom et nom Colette Besson
24%
Qui incarne Angélique dans les 5 films réalisés dans les années 60 par Bernard Borderie ? prénom et nom - voir photo Michèle Mercier
24%
Dans le corps humain sous quel nom connait-on mieux l'os appelé "fibula" ? péroné
19%
Dans "Les enfants du paradis" réalisé par Marcel Carné en 1946 , quel personnage incarne Arletty ? Garance
10%
Aucun quiz correspondant
Distribution des résultats
% des personnes avec chaque résultat
Percentile par nombre de réponses
Votre historique - résultats
Vous n’avez pas pris ce quiz